Unión Hispano-Americana (Record no. 166439)
[ view plain ]
| 000 -LEADER | |
|---|---|
| campo de control de longitud fija | 01102nam a22002175i 4500 |
| 001 - NÚMERO DE CONTROL | |
| campo de control | 166439 |
| 003 - IDENTIFICADOR DE NÚMERO DE CONTROL | |
| campo de control | ES-MaACL |
| 005 - FECHA Y HORA DE LA ÚLTIMA TRANSACCIÓN | |
| campo de control | 20250826083218.0 |
| 008 - DATOS DE LONGITUD FIJA--INFORMACIÓN GENERAL | |
| campo de control de longitud fija | 981125s1889 sp |||| | spa d |
| 040 ## - FUENTE DE CATALOGACIÓN | |
| Centro catalogador/agencia de origen | CCPB | B |
| Lengua de catalogación | spa |
| Centro/agencia transcriptor | CCPB | B |
| 100 1# - ENTRADA PRINCIPAL--NOMBRE DE PERSONA | |
| Nombre de persona | Tomás y Estruch, Francisco. |
| 9 (RLIN) | 133293 |
| 245 10 - MENCIÓN DEL TÍTULO | |
| Título | Unión Hispano-Americana |
| Resto del título | : discurso pronunciado en la reunión Magna de Corporaciones y Sociedades Españolas y Americanas convocada por el Fomento del Trabajo Nacional de Barcelona con objeto de adherirse al Comité Internacional de la Unión Hispano-Americana ... / |
| Mención de responsabilidad, etc. | Francisco Tomás y Estruch. |
| 250 ## - MENCION DE EDICION | |
| Mención de edición | Ed. costeada por españoles y americanos. |
| 260 ## - PUBLICACIÓN, DISTRIBUCIÓN, ETC. | |
| Lugar de publicación, distribución, etc. | Barcelona : |
| Nombre del editor, distribuidor, etc. | [s.n.], |
| Fecha de publicación, distribución, etc. | 1889 ( |
| Fabricante | Imprenta de Henrich y Compª.) |
| 300 ## - DESCRIPCIÓN FÍSICA | |
| Extensión | 8 p. ; |
| Dimensiones | 25 cm. |
| 610 2# - PUNTO DE ACCESO ADICIONAL DE MATERIA--NOMBRE DE ENTIDAD CORPORATIVA | |
| Nombre de entidad corporativa o nombre de jurisdicción como elemento de entrada | Unión Ibero-Americana. |
| 9 (RLIN) | 7037 |
| 710 2# - ENTRADA AGREGADA--NOMBRE DE ENTIDAD CORPORATIVA | |
| Nombre de entidad corporativa o nombre de jurisdicción como elemento de entrada | Unión Ibero-Americana. |
| 9 (RLIN) | 7037 |
| 710 2# - ENTRADA AGREGADA--NOMBRE DE ENTIDAD CORPORATIVA | |
| Nombre de entidad corporativa o nombre de jurisdicción como elemento de entrada | Fomento del Trabajo Nacional (Cataluña) |
| 9 (RLIN) | 4136 |
| 852 ## - LOCALIZACIÓN | |
| Ubicación | ES-MaACL |
| Número de control de estantería | T-516-F-7 |
| Nota libre | -- Enc. hol. conservando la cub. original |
| -- | -- Dedic. ms. del autor al Ateneo de Madrid |
| -- | -- Enc. en un vol. facticio |
| Estatus retirado | Estado de pérdida | Estado de daño | No para préstamo | Colección | Biblioteca de origen | Biblioteca actual | Ubicación en estantería | Fecha de adquisición | Total de préstamos | Signatura topográfica completa | Código de barras | Visto por última vez | Precio de reemplazo | Tipo de ítem Koha |
|---|---|---|---|---|---|---|---|---|---|---|---|---|---|---|
| Colección de folletos | Biblioteca del Ateneo de Madrid | Biblioteca del Ateneo de Madrid | Depósito folletos | 17/01/2008 | T-516-F-7 | 1174560 | 23/02/2023 | 23/02/2023 | Folleto |
